000 00324pam a2200145 a 4500
020 _c
041 _h
082 _a658.82
_bKON
100 _aKonikow Robert B.
245 _aSales Promotion Design
_hTextual Documents
250 _a1990.
260 _aAmerica
_bPBC International Inc.
300 _aH/253.
930 _a349
999 _c234139
_d234139